Transfigurations of Hellenism : aspects of late antique art in Egypt, AD 250-700 /

محفوظ في:

المؤلف الرئيسي: Török, László, 1941- (مؤلف)

التنسيق: كتاب

اللغة: English

منشور في: Leiden ; Boston : Brill, 2005.

سلاسل: Probleme der Agyptologie, 23.
PdA ; 23.

الموضوعات:

الوسوم: إضافة وسم

لا توجد وسوم, كن أول من يضع وسما على هذه التسجيلة!

رقم الطلب: DT57 .P92 v.23

LEADER 01483namaa2200289 4500
001 13305
003 OSt
005 20260421121015.0
008 130303s2005 ne af b 001 0 eng d
010 |a 2004062868 
020 |a 9004143327 
040 |a ARCE Library 
043 |a f-ua--- 
050 4 |a DT57 .P92 v.23 
100 1 |a Török, László,  |d 1941-  |e author 
245 1 0 |a Transfigurations of Hellenism :  |b aspects of late antique art in Egypt, AD 250-700 /   |c by László Török.  
264 1 |a Leiden ;  |a Boston :  |b Brill,  |c 2005. 
300 |a xxvii, 400 p., [98] p. of plates :   |b illustrations (some color) ;  |c 25 cm. 
490 0 |a Probleme der Agyptologie,   |x 0169-9610 ;   |v 23. 
490 0 |a PdA ;   |v 23. 
504 |a Includes bibliographical references and indexes. 
505 0 |a I. Introduction : a visit to the Coptic museum in Old Cairo -- II. Images of late antique Egypt in twentieth-century art history -- III. On methods -- IV. History, society, and art in late Roman and early Byzantine Egypt -- V. Continuity and change 1 : the survival of forms of Alexandrian Hellenistic architecture -- VI. Continuity and change 2 : new patterns of monumentality -- VII. Images for mortuary display -- VIII. Images of the good life : display and style -- IX. The Christianization of art in late antique Egypt -- Epilogue : perennial Hellenism? 
650 0 |a Coptic art. 
650 0 |a Art, Hellenistic  |z Egypt. 
901 |a reviewed 
942 |c BK  |2 lcc 
999 |c 13210  |d 13210